000
00284nam a2200121Ia 4500
008
190216s9999||||xx |||||||||||||| ||und||
100
_a
Sankara Kurup G
245
0
_a
Anthardaham
260
_b
National Book Stall
_c
1963
300
_a
100p
650
_a
Malayalam Kavitha
942
_c
BK
999
_c
24152
_d
24152